MDQL
is popping MORE tags! Check the
thread
!
Quizzes
Events
Quiz Creation
Community
Videos
Private Events
Remove Ads
Sign In
Join for FREE
Feedback
Dark Mode
Quiz Categories
Sports
Geography
Music
Movies
Television
Just For Fun
Miscellaneous
History
Literature
Language
Science
Gaming
Entertainment
Religion
Holiday
For Kids
Quiz Lab
Recent
Popular Today
Quiz Kudos Today
Editor Picks
Curator Picks
Quizzes by...
Day
Popularity
Type
Ratings
Length
Year
Community
Subscriptions
Recent Discussions
Orange Saloon
Badges
Playlists
Quests
Create
Leaderboards
Showdown
Live 5
Trivia Bingo
Activity
Puzzle Library
Sporcle Events
Private Events
Virtual Trivia
Globe League
Become a Host
Pub Owners
SporcleCon
Opinionation
Our Games
Videos
Blog
Mobile Apps
Partnerships
Remove Ads and Go Orange
Feedback
Movies
Disney
Marvel Cinematic Universe
Movie Resume
Movie Titles
Oscar
Actor
Actress
Director
Pixar
Role
Movie Quotes
Movie Characters
Box Office
Nominee
Best Picture
Star Wars
James Bond
Horror Movies
Movies
Disney
Marvel Cinematic Universe
Movie Resume
Movie Titles
Oscar
Actor
Actress
Director
Pixar
Role
Movie Quotes
Movie Characters
Box Office
Nominee
Best Picture
Star Wars
James Bond
Horror Movies
Random Quiz
Search Sporcle
×
Quiz Lab
Quiz Lab
Movies
Nominee
Type in answers that appear in a list
Type in answers that appear in a list
Classic
Best Score? Go Orange.
00s Best Picture Nominees by Plot Stats
Can you name the 00sAcademy Award Best Picture Nominees by Plot?
By
commiesmasher
10m
55 Questions
563 Plays
563 Plays
563 Plays
Comments
Comments
Give Quiz Kudos
Give Quiz Kudos
-
- Ratings
hide this ad
Forced Order
Answers have to be entered in order
Answers have to be entered in order
Random Order
Randomize order of answers
Randomize order of answers
Replay
Link that replays current quiz
Next Quiz
Link to next quiz in quiz playlist
You Got
0%
They Got
Avg Score
83%
Avg Friend Score
Upgrade to see
Score Distribution
Jump to the score distribution portion of the page
Score
0/55
Timer
10:00
0
Plays Today
Plot
Movie
% Correct
A poor India boy draws suspicion after a successful showing on Who Wants to Be a Millionaire
Slumdog Millionaire
95.9%
An under-
appreciated boxing trainer tries to turn an amateur female boxer into a professional
Million Dollar Baby
94.8%
A cranky old man and an enthusiastic young boy travel to South America via helium balloons tied to a house
Up
94.7%
Two cowboys are involved in secretive relationship with each other
Brokeback Mountain
94.5%
30 years in the life of legendary rhythm and blues artist Ray Charles
Ray
94%
Now a slave, once great general Maximus Decimus Meridius returns to Rome to exact his revenge on the traitorous Emperor Commudus
Gladiator
93.8%
A boy is born an old man and ages in reverse
The Curious Case of Benjamin Button
93.6%
The story of Michael Oher, a poor black teen in Memphis taken in by a kind, rich woman and her family who becomes an NFL lineman.
The Blind Side
92.9%
A biopic about the life of the first openly gay man to be elected to public office in California
Milk
92.9%
An independent minded teenager confronts her unplanned pregnancy and the subsequent events that push an adult life onto her
Juno
92.7%
A biopic of legendary pilot Howard Hughes
The Aviator
92.7%
A disgraced former president is interviewed by reporter David Frost
Frost/Nixon
92.5%
Sauron launches the final stages of his conquest of Middle Earth, Gandalf rallies troops to defend Minas Tirith, Aragorn claims the throne of Gondor and Frodo and Sam reach the end
The Lord of the RIngs: Return of the King
92.2%
A dysfunctional family goes on a road trip to a child's beauty pageant
Little Miss Sunshine
91.7%
The Dark Lord Sauron seeks the One Ring, which is in the possession of young hobbit Frodo Baginns, who begins his journey to destroy it in the fires of Mount Doom
The Lord of the Rings: The Fellowship of the Ring
91.3%
Frodo and Sam first encounter Gollum, Merry and Pippin meet Treebeard, Gandalf is resurrected and the Battle of Helm's Deep is fought
The Lord of the Rings: The Two Towers
91.1%
A brillant but asocial mathematician accepts secret work in cryptography
A Beautiful Mind
91.1%
An undersized and overlooked thoroughbred race horse achieves unexpected successes and becomes a sensation in Depression-
Era American
Seabiscuit
90.4%
The day to day operations of an Ordinance Disposal Unit in Iraq lead by a risk-
addicted soldier
The Hurt Locker
90.1%
Frank Costello, an Irish Mob boss, plants an informant in the Massachusetts State Police, while the police simultaneously plant a man in Costello's crew
The Departed
90.1%
An ex-
marine travels to Pandora, were he becomes sympathetic to the native Na'Vi
Avatar
89.2%
An overweight, abused teen in Harlem is invited to enroll in an alternative school in order to better her life
Precious: Based on the Novel Push by Sapphire
88.8%
Jewish-
Polish musician struggles to survive in the Warsaw ghetto during the Holocaust
The Pianist
88.8%
J.M. Barrie develops a close relationship with a family who inspires him to write Peter Pan
Finding Neverland
87.9%
A young mother arrives in a French village with her six year old daughter and opens up a sweets shop, whose products begin to change the lives of the townspeople
Chocolat
87.9%
A silver-
miner-
turned-
oil-
man goes on a ruthless quest for wealth during the late 19th century Southern California Oil Boom
There Will Be Blood
87.6%
Racial and social relations in Los Angeles are explored in a collection of stories
Crash
87.6%
The Israeli government secretly retaliates against the terrorist group responsible for the 1972 Olympics massacre
Munich
87.4%
Plot
Movie
% Correct
An aging actor and recent college graduate form an unlikely bond when they meet in a Tokyo hotel
Lost in Translation
87.2%
A corporate down sizer constantly travels across the country and leads an empty life, until his company grounds him
Up in the Air
85.1%
A single mother is engaged in a legal battle with U.S. West Coast energy corporation Pacific Gas and Electric Company
Erin Brockovich
83.5%
Lost aliens are forced to live in Apartheid like conditions when they land in Johannesburg
District 9
83.3%
An author develops a close relationship with Perry Smith, one of the killers who inspires his book In Cold Blood
Capote
83.3%
The Royal Family must deal with he death of Princess Diana
The Queen
83.1%
Murderesses Velma Kelly and Roxy Hart are find themselves on death row together and seek the fame that will set them free
Chicago
82.4%
The story of the Battle of Iwo Jima told from the Japanese perspective
Letters from Iwo Jima
82.2%
Two friends take a trip through wine country and become romantically involved with two local women
Sideways
80.6%
During the Napoleonic Wars a British captain commands his ship in pursuit of a French vessel around South America
Master and Commander: The Far Side of the World
80.6%
In 1863, Amsterdam Vallon returns to the Five points to get seeking revenge against Bill the Butcher, his father's killer
Gangs of New York
79.9%
A user, enforcer, politician, and trafficker are all somehow involved with the illegal drug tade
Traffic
79.8%
Three friends who encountered child molesters when they were growing up are reunited 25 years later when on loses a daughter
Mystic River
79.2%
After a drug deal gone wrong, an ordinary man and a hired killer play a dangerous game of cat and mouse to claim $2 million dollars left at the Rio Grande
No Country for Old Men
77.8%
As a teenager, German lawyer Michael Berg has an affair with an older woman whose trial he later observes when she is accused of war crimes
The Reader
77.4%
In World War II, a group of Jewish Allied soldiers attempt to assassinate Nazi leadership
Inglourious Basterds
76.9%
A 13-
year old fledgling writer changes the course of several people's lives when she accuses her older sister's lover of a crime he did not commit
Atonement
76.7%
Journalist Edward R. Murrow seeks to take down radical Sen. Joseph McCarthy
Good Night, and Good Luck
75.8%
the novel Mrs. Dalloway affects three generations of women, all of whom must deal with suicide
The Hours
73.5%
Tragedy strikes a couple honeymooning in Morocco, touching of an interlocking story involving for different families
Babel
71.9%
A multi-
layred drama about the lives of upstairs guest and downstairs servants in at a party in a country house in England
Gosford Park
68.2%
An attorney must cope with the apparent mental breakdown of his colleague and the corruption and murderous intrigue of a client of his firm
Michael Clayton
63.6%
A young, naive girl in post-
war Britain develops a romantic relationship with an older man
An Education
62.7%
Two warriors in pursuit of a stolen sword and a notorious fugitive are led to a physically skilled, teenage nobleman's daughter at a crossroads in her life
Crouching Tiger, Hidden Dragon
60.2%
A New England couples' college age son dates an older woman with two young children and an unwelcome ex-
huband
In the Bedroom
56.5%
Loosely based on the story of Job, a Midwestern professor watches his life unravel before him
A Serious Man
54.7%
A poet falls in love with a beautiful courtesan whom a jealous duke covets
Moulin Rouge!
52.8%
Quiz Playlist
Details
Report
Send in Message
Add To Playlist
Classic:
Type in answers that appear in a list
Forced Order:
Answers have to be entered in order
Random Order:
Randomize order of answers
Last Updated: Apr 27, 2017
Quiz Scoreboard
CHALLENGE
Sign Up to Join the Scoreboard
Show All
Scores
Hide
Comments
May contain spoilers
Recently Published
Street Fighter Characters
by Artimus82
Gaming
60s
9x9 Crossword: Cartoon Network
by jackfrog10
Miscellaneous
3m
College Basketball Coaching Resumes
by pancakes188
Sports
9m
More to Explore
Quiz From the Vault
Featured Blog Post
Where Did the Easter Bunny Come From?
hide this ad
You Might Also Like...
Tags
Best Picture Quiz
Nominee Quiz
2000s
Image Quiz
plot
Today's Top Quizzes in Movies
Browse Movies
hide this ad
Today's Top Quizzes in Nominee
Browse Nominee
Top Contributed Quizzes in Movies
1
Pick 5 Posters: Directed by Spielberg
2
7-to-1: Pixar Characters
3
Pick 5 Posters: Lowest-Rated Spielberg
4
Hidden Star Wars Character II
5
Sorting Actors
6
Sorting Actresses
7
Pick 5 Posters: Directed by Scorsese
8
Hidden Star Wars Character III
9
Pick 5 Posters: Star & Director
10
Hidden Star Wars Character IV
Explore More
Trending Topics
Kpop
Crossword
Disney
Harry Potter
NBA
Marvel
Anime
Soccer
Puzzle
Song
Country
Pokémon
The Office
NFL
WWE
hide this ad
More By:
commiesmasher
Quiz
Plays
Rating
Category
Featured
Created
NBA Teams' Last MVP
125,293
4.60
Sports
Feb 22, 2016
NFL Teams' Last MVP
92,093
4.52
Sports
Dec 29, 2015
NFL QB Playoff Wins (2010s)
61,779
4.73
Sports
Aug 19, 2015
NFL Playoff Coaches (2010s)
25,068
4.73
Sports
Jan 13, 2018
State Quiz: New Jersey
11,551
4.39
Geography
Mar 20, 2010
Go to Creator's Profile
Score Distribution
Quiz Creator Spotlight
commiesmasher
Follow
Send a Message
Quizzes Created
-
Created Quiz Play Count
-
More By This Creator
Popular Quizzes Today
1
Find the US States - No Outlines Minefield
2
Find the Countries of Europe - No Outlines Minefield
3
The Countries of the World
4
Find the US States
5
Risky Map Clicking: Biggest States A-Z
6
US States
7
Popular People in 1961
8
Movies - When Are They Set?
More Movies Quizzes
Disney Voice Match II
Published
Trending Quizzes
Risky Map Clicking: Least Populous States A-Z
1-10 Letter G Words
Risky Map Clicking: Next State Alphabetically
Adjectives in 80s TV Shows
The Seven Year Switch: Catherine
Recently Updated
Leaping Animals
pecheneg
Reality TV Shows (A-Z)
bhenderson79
Rickey Henderson's Hall of Fame Teammates
pecheneg
Champions League XIs: Arsenal
pecheneg
Quick Pick: Celebrities in WWE's Hall of Fame
aduchscher
A-Z Keypad Blitz II
pecheneg
Multiple Oscar Actors
pecheneg
Mystery Phrase Blitz: Oscar 'Best Actors'
pecheneg
F. Scott Fitzgerald Novels
LTH
Pick 3 Villains
ddd62291
Trending Topics
Anime
NBA
Marvel
Harry Potter
Kpop
Disney
Crossword
The Office
WWE
Pokémon
Song
Country
Puzzle
Soccer
NFL
Your Account Isn't Verified!
In order to create a playlist on Sporcle, you need to verify the email address you used during registration. Go to your
Sporcle Settings
to finish the process.
Report this User
Report this user for behavior that violates our
Community Guidelines
.
Details:
Send Report
Go to the Sporcle.com Mobile Site →
Comments